|
|
|
|
| LEADER |
00873nab a2200217 i 4500 |
| 001 |
publ8063 |
| 005 |
20190403090312.0 |
| 008 |
170224s2016 hu o 0|| angol d |
| 022 |
|
|
|a 0267-9477
|
| 024 |
7 |
|
|a 10.1039/C5JA00501A
|2 doi
|
| 024 |
7 |
|
|a 3025935
|2 mtmt
|
| 040 |
|
|
|a SZTE Publicatio Repozitórium
|b hun
|
| 041 |
|
|
|a angol
|
| 100 |
1 |
|
|a Kálomista Ildikó
|
| 245 |
1 |
3 |
|a ON THE APPLICABILITY AND PERFORMANCE OF THE SINGLE PARTICLE ICP-MS NANO DISPERSION CHARACTERIZATION METHOD IN CASES COMPLICATED BY SPECTRAL INTERFERENCES
|h [elektronikus dokumentum] /
|c Kálomista Ildikó
|
| 260 |
|
|
|c 2016
|
| 300 |
|
|
|a 1112-1122
|
| 490 |
0 |
|
|a JOURNAL OF ANALYTICAL ATOMIC SPECTROMETRY
|v 31
|
| 700 |
0 |
1 |
|a Kéri Albert
|e aut
|
| 700 |
0 |
1 |
|a Galbács Gábor
|e aut
|
| 856 |
4 |
0 |
|u http://publicatio.bibl.u-szeged.hu/8063/1/Spectral_interferences_in_SPICPMS_JAAS_2016_reprint_u.pdf
|z Dokumentum-elérés
|